Using Microcomputers <A> Complete Introduction
Salvato in:
| Autore principale: | |
|---|---|
| Altri autori: | |
| Natura: | Libro |
| Lingua: | inglese |
| Pubblicazione: |
Redwood City
Benjamin/Cummungs Pub. Co.
1989
|
| Edizione: | 1. ed. |
| Tags: |
Nessun Tag, puoi essere il primo ad aggiungerne!!
|
MARC
| LEADER | 00000nam a2200000 4500 | ||
|---|---|---|---|
| 001 | c040687 | ||
| 005 | 20221128074227.4 | ||
| 041 | 0 | |a eng | |
| 044 | |a SK | ||
| 245 | 1 | 0 | |a Using Microcomputers |b <A> Complete Introduction |c H.L. Capron, Ralph E. Duffy |
| 250 | |a 1. ed. | ||
| 264 | 1 | |a Redwood City |b Benjamin/Cummungs Pub. Co. |c 1989 | |
| 300 | |a 548 s. | ||
| 100 | 1 | |a Capron, H.L. | |
| 700 | 1 | |a Duffy, Ralph E. | |